000 00361nam a2200133Ia 4500
008 240624s9999 xx 000 0 und d
041 _aeng
082 _a005.1 KAN
100 _aKAN STEPHEN H
245 _aMETRICS AND MODELS IN SOFTWARE QUALITY E
250 _a(2nd ed.)
260 _c2006
_aNew Delhi
_bPearson Education
300 _axxvii, : 528 : p. : cm. ; 24
999 _c4532
_d4532